[Event "Titled Tuesday intern op 13th Feb Early"]
[Site "Chess.com INT"]
[Date "2024.02.13"]
[Round "3"]
[White "Sarana, Alexey"]
[Black "Seemann, Jakub"]
[Result "1-0"]
[WhiteElo "2697"]
[BlackElo "2439"]
[PlyCount "81"]
[EventDate "2024.02.13"]
[EventType "swiss (blitz)"]
[EventRounds "11"]
[EventCountry "USA"]
[SourceTitle "CB08_2024"]
[SourceDate "2024.02.21"]
[SourceVersion "1"]
[SourceVersionDate "2024.02.21"]
[SourceQuality "1"]

1. d4 Nf6 2. c4 g6 3. Nc3 Bg7 4. e4 0-0 5. Bd3 d6 6. Nge2 Nc6 7. 0-0 e5 8. d5 Nd4 9. Nxd4 exd4 10. Ne2 Nd7 11. Bc2 a5 12. Nxd4 Re8 13. b3 Nc5 14. f3 f5 15. exf5 gxf5 16. Bb2 Qg5 17. f4 Qg6 18. Rf3 Kh8 19. Rg3 Qf7 20. Rxg7 Qxg7 21. Rb1 Kg8 22. Nxf5 Qg6 23. Ne7+ Rxe7 24. Bxg6 hxg6 25. Qd4 Rh7 26. Re1 Bf5 27. Re3 Rf8 28. h3 Bd7 29. Rg3 Bf5 30. Re3 Bd7 31. g4 Rff7 32. a3 Rf8 33. b4 axb4 34. axb4 Na4 35. Ba1 b5 36. c5 dxc5 37. bxc5 Rb8 38. c6 Be8 39. d6 cxd6 40. Qxd6 Ra8 41. Re7 1-0

[Event "Jeddah YM 1st"]
[Site "Jeddah"]
[Date "2024.01.28"]
[Round "7"]
[White "Woodward, Andy"]
[Black "Seemann, Jakub"]
[Result "1-0"]
[WhiteElo "2501"]
[BlackElo "2439"]
[PlyCount "153"]
[EventDate "2024.01.24"]
[EventType "tourn"]
[EventRounds "9"]
[EventCountry "SAU"]
[EventCategory "10"]
[SourceTitle "CB06_2024"]
[SourceDate "2024.02.07"]
[SourceVersion "1"]
[SourceVersionDate "2024.02.07"]
[SourceQuality "1"]

1. d4 d5 2. c4 dxc4 3. e4 b5 4. a4 c6 5. axb5 cxb5 6. Nc3 Qb6 7. b3 e6 8. bxc4 Bb4 9. Bd2 bxc4 10. Bxc4 Ne7 11. Nge2 0-0 12. 0-0 a5 13. Na4 Qc6 14. Bd3 Ba6 15. Rc1 Bxd3 16. Rxc6 Nbxc6 17. Bxb4 Bxe2 18. Qxe2 axb4 19. Nb6 Rad8 20. d5 exd5 21. e5 Kh8 22. f4 Rfe8 23. Qd3 Rb8 24. Nd7 Rb7 25. Nc5 Ra7 26. Qd2 Rb8 27. Rb1 Rba8 28. Qd1 Ra2 29. Nb7 R8a3 30. Nd6 Kg8 31. Qh5 g6 32. Qg5 Ra1 33. Rxa1 Rxa1+ 34. Kf2 Ra8 35. Qf6 Rf8 36. Ke1 b3 37. Kd2 d4 38. e6 fxe6 39. Qxe6+ Kg7 40. f5 gxf5 41. Qxb3 Kf6 42. Nc4 Rg8 43. Qh3 Ke6 44. g3 Kd5 45. Nb6+ Kc5 46. Na4+ Kb4 47. Nb2 Ra8 48. Qf1 Kc5 49. Nd3+ Kd6 50. Qf4+ Kd5 51. Nb4+ Kc4 52. Nc2 Ra5 53. Qd6 Rd5 54. Qe6 Kc5 55. Ne1 Kb6 56. Nd3 Ra5 57. h4 h5 58. Nf4 Kc5 59. Qb3 Rb5 60. Qa3+ Kc4 61. Nxh5 Rb3 62. Qa6+ Kc5 63. Nf4 Rb2+ 64. Kc1 Rh2 65. Qa3+ Kc4 66. Qd6 Rh1+ 67. Kd2 Rh2+ 68. Ke1 Rh1+ 69. Kf2 Rh2+ 70. Kf3 Rb2 71. Qe6+ Kb5 72. Nd3 Rd2 73. Qb3+ Ka5 74. Kf4 Rh2 75. Kg5 Re2 76. Nb2 Nb4 77. Qa4+ 1-0

[Event "Wch Blitz"]
[Site "Samarkand"]
[Date "2023.12.30"]
[Round "13"]
[White "Sandipan, Chanda"]
[Black "Seemann, Jakub"]
[Result "0-1"]
[WhiteElo "2486"]
[BlackElo "2441"]
[PlyCount "108"]
[EventDate "2023.12.29"]
[EventType "swiss (blitz)"]
[EventRounds "21"]
[EventCountry "UZB"]
[SourceTitle "CB01_2024"]
[SourceDate "2024.01.03"]
[SourceVersion "1"]
[SourceVersionDate "2024.01.03"]
[SourceQuality "1"]

1. d4 Nf6 2. c4 e6 3. Nc3 Bb4 4. e3 0-0 5. Bd2 d5 6. Nf3 b6 7. Rc1 Bb7 8. cxd5 exd5 9. Bd3 Be7 10. 0-0 c5 11. Bb1 Nc6 12. dxc5 bxc5 13. Re1 Rc8 14. e4 dxe4 15. Nxe4 Nd4 16. Nxd4 cxd4 17. Rxc8 Qxc8 18. Bg5 Bxe4 19. Bxe4 Qd7 20. Bd3 h6 21. Bh4 Nd5 22. Bxe7 Nxe7 23. Qe2 Nd5 24. Qe4 Nf6 25. Qf5 Qd6 26. g3 Rb8 27. b3 Qb4 28. Re2 Rd8 29. h4 Qd6 30. g4 g6 31. Qf3 Kg7 32. Kg2 Nd5 33. Re1 Nf4+ 34. Kg1 Rc8 35. Bf1 d3 36. Rd1 d2 37. Qe3 Rd8 38. Be2 Qd4 39. Bf3 Qd6 40. Qc3+ Kg8 41. Qe3 a5 42. Kh1 Qf6 43. Kg1 Qd6 44. Kh1 g5 45. h5 Kg7 46. Kg1 Rd7 47. Kh1 Qd4 48. Kg1 Qb2 49. a4 Qd4 50. Kh1 Qd6 51. Qc3+ Kg8 52. Qxa5 Qd4 53. Qf5 Qxf2 54. Qxd7 Qxf3+ 0-1

[Event "Wch Blitz"]
[Site "Samarkand"]
[Date "2023.12.30"]
[Round "14"]
[White "Seemann, Jakub"]
[Black "Kosakowski, Jakub"]
[Result "1-0"]
[WhiteElo "2441"]
[BlackElo "2479"]
[PlyCount "79"]
[EventDate "2023.12.29"]
[EventType "swiss (blitz)"]
[EventRounds "21"]
[EventCountry "UZB"]
[SourceTitle "CB01_2024"]
[SourceDate "2024.01.03"]
[SourceVersion "1"]
[SourceVersionDate "2024.01.03"]
[SourceQuality "1"]

1. e4 c6 2. d4 d5 3. exd5 cxd5 4. Bd3 Nc6 5. c3 Qc7 6. h3 e6 7. Nf3 Bd6 8. 0-0 Nge7 9. Nbd2 f6 10. c4 0-0 11. Re1 Bd7 12. a3 a5 13. Qc2 h6 14. Nf1 Rad8 15. Ne3 Bf4 16. cxd5 exd5 17. Nf5 Nxf5 18. Bxf5 Rfe8 19. Rxe8+ Bxe8 20. Be6+ Bf7 21. Bxf7+ Kxf7 22. Qf5 Bxc1 23. Rxc1 Qd7 24. Qd3 Re8 25. Rc5 b6 26. Rc1 Ne7 27. Nh4 Rc8 28. Re1 Kg8 29. Qe2 Kf7 30. Qh5+ Kg8 31. Qe2 Kf7 32. Kh2 Re8 33. Qh5+ Kf8 34. Rxe7 Kxe7 35. Nf5+ Kd8 36. Qg6 Qc7+ 37. g3 Re2 38. Nxg7 Rxf2+ 39. Kg1 Rxb2 40. Ne6+ 1-0

[Event "Wch Rapid"]
[Site "Samarkand"]
[Date "2023.12.28"]
[Round "13"]
[White "Seemann, Jakub"]
[Black "Bryakin, Mikhail"]
[Result "0-1"]
[WhiteElo "2441"]
[BlackElo "2486"]
[PlyCount "74"]
[EventDate "2023.12.26"]
[EventType "swiss (rapid)"]
[EventRounds "13"]
[EventCountry "UZB"]
[SourceTitle "CB01_2024"]
[SourceDate "2024.01.03"]
[SourceVersion "1"]
[SourceVersionDate "2024.01.03"]
[SourceQuality "1"]

1. Nf3 d5 2. g3 Nc6 3. d4 Bf5 4. Bg2 Nb4 5. Na3 e6 6. Ne5 Nf6 7. c3 Na6 8. Bf4 Be7 9. 0-0 0-0 10. Nc2 h6 11. a4 c5 12. a5 Rc8 13. dxc5 Nxc5 14. Nd4 Be4 15. Nb3 Bxg2 16. Kxg2 Nfd7 17. Nxd7 Qxd7 18. Nxc5 Rxc5 19. Be3 Rb5 20. b4 a6 21. Qd3 Rc8 22. Rac1 Rc4 23. f3 Qc6 24. Rfd1 e5 25. Bf2 Bxb4 26. Qf5 Rxc3 27. Rb1 Qe6 28. Qh5 Rc2 29. Kf1 d4 30. Qh4 Qc4 31. Qe4 f5 32. Qd3 Bxa5 33. Rxb5 axb5 34. Rb1 Qxd3 35. exd3 Rc5 36. f4 Bc3 37. Ke2 e4 0-1